Super Smash Bros. Ultimate All Stages - Statistics

General Stats
  • This quiz has been taken 1,201 times
    878 since last reset
  • The average score is 58 of 115
Answer Stats
Origin Series Answer % Correct
Ultimate Super Smash Bros. Battlefield
92%
Ultimate Super Smash Bros. Final Destination
91%
Ultimate Super Smash Bros. Big Battlefield
86%
Melee Pokémon Pokémon Stadium
83%
Ultimate Super Smash Bros. Small Battlefield
81%
64 Super Mario Peach's Castle
79%
Melee Super Mario Princess Peach's Castle
79%
64 Yoshi Super Happy Tree
77%
Brawl Pokémon Pokémon Stadium 2
75%
Brawl Sonic the Hedgehog Green Hill Zone
74%
Brawl Yoshi Yoshi's Island
73%
Melee Yoshi Yoshi's Island (Melee)
73%
64 The Legend of Zelda Hyrule Castle
72%
Melee F-Zero Big Blue
69%
3DS/Wii U Duck Hunt Duck Hunt
69%
64 Kirby Dream Land
67%
3DS Kirby Dream Land GB
67%
Brawl Animal Crossing Smashville
67%
Melee EarthBound Onett
65%
64 Super Mario Mushroom Kingdom
64%
Melee The Legend of Zelda Temple
64%
Ultimate Castlevania Dracula's Castle
63%
Wii U Pac-Man PAC-LAND
63%
Wii U Pilotwings Pilotwings
62%
Melee Star Fox Corneria
61%
3DS/Wii U Punch-Out!! Boxing Ring
60%
Melee Metroid Brinstar
60%
Wii U Kid Icarus Palutena's Temple
60%
3DS Tomodachi Life Tomodachi Life
60%
Wii U Wrecking Crew Wrecking Crew
60%
Melee Kirby Fountain of Dreams
58%
Melee Donkey Kong Kongo Falls
58%
Melee Yoshi Yoshi's Story
57%
Brawl EarthBound New Pork City
56%
64 Pokémon Saffron City
55%
Wii U Animal Crossing Town and City
55%
3DS Balloon Fight Balloon Fight
54%
Melee Donkey Kong Jungle Japes
54%
Wii U Kirby The Great Cave Offensive
54%
3DS F-Zero Mute City SNES
53%
Wii U Wii Sports Wuhu Island
53%
Wii U Pokémon Kalos Pokémon League
52%
Ultimate (DLC) Persona Mementos
52%
Ultimate (DLC) Minecraft Minecraft World
52%
Ultimate (DLC) Banjo-Kazooie Spiral Mountain
52%
Wii U WarioWare Gamer
51%
Melee Kirby Green Greens
51%
3DS Nintendogs Living Room
51%
Ultimate Splatoon Moray Towers
51%
Brawl WarioWare WarioWare, Inc.
51%
Wii U Game & Watch Flat Zone X
50%
64 Donkey Kong Kongo Jungle
50%
Brawl Super Mario Mushroomy Kingdom
50%
Melee Star Fox Venom
50%
Wii U Wii Fit Wii Fit Studio
50%
Brawl Super Mario Figure-8 Circuit
49%
3DS/Wii U Xenoblade Chronicles Gaur Plain
49%
Brawl Kid Icarus Skyworld
49%
Wii U Sonic the Hedgehog Windy Hill Zone
49%
Brawl Donkey Kong 75 m
48%
Brawl The Legend of Zelda Bridge of Eldin
48%
Brawl Kirby Halberd
48%
Brawl Fire Emblem Castle Siege
47%
Brawl Star Fox Lylat Cruise
47%
Wii U Super Mario Mario Circuit
47%
Brawl Ice Climber Summit
47%
Melee Metroid Brinstar Depths
46%
3DS/Wii U (DLC) Final Fantasy Midgar
46%
Brawl Metal Gear Solid Shadow Moses Island
46%
Brawl Electroplankton Hanenbow
45%
Brawl Metroid Norfair
45%
3DS/Wii U (DLC) Bayonetta Umbra Clock Tower
45%
3DS Pokémon Unova Pokémon League
45%
Brawl Super Mario Delfino Plaza
44%
Melee EarthBound Fourside
44%
Ultimate The Legend of Zelda Great Plateau Tower
44%
3DS EarthBound Magicant
44%
3DS/Wii U (DLC) Super Mario Super Mario Maker
44%
Wii U Pikmin Garden of Hope
42%
Ultimate (DLC) Kingdom Hearts Hollow Bastion
42%
Brawl Super Mario Mario Bros.
42%
Ultimate Super Mario New Donk City Hall
42%
Brawl Pokémon Spear Pillar
42%
3DS/Wii U Mega Man Wily Castle
42%
Wii U The Legend of Zelda Skyloft
41%
Brawl Pikmin Distant Planet
40%
Ultimate (DLC) Tekken Mishima Dojo
40%
Ultimate (DLC) Fatal Fury King of Fighters Stadium
39%
3DS Animal Crossing Tortimer Island
39%
3DS Super Mario 3D Land
38%
Melee The Legend of Zelda Great Bay
38%
3DS Nintendo PictoChat 2
38%
3DS Streetpass Find Mii
37%
Melee Super Mario Mushroom Kingdom II
37%
Brawl The Legend of Zelda Pirate Ship
37%
Melee Super Mario Rainbow Cruise
37%
3DS The Legend of Zelda Gerudo Valley
36%
Wii U Super Mario Mario Galaxy
36%
3DS Kid Icarus Reset Bomb Forest
36%
3DS Fire Emblem Arena Ferox
35%
Brawl Metroid Frigate Orpheon
35%
Brawl Super Mario Luigi's Mansion
35%
3DS Super Mario Paper Mario
35%
Brawl F-Zero Port Town Aero Dive
35%
3DS The Legend of Zelda Spirit Train
34%
Ultimate (DLC) ARMS Spring Stadium
34%
3DS Super Mario Golden Plains
32%
Ultimate (DLC) Final Fantasy Northern Cave
32%
3DS/Wii U (DLC) Street Fighter Suzaku Castle
32%
Wii U Super Mario Mushroom Kingdom U
30%
Wii U Fire Emblem Coliseum
29%
Ultimate (DLC) Fire Emblem Garreg Mach Monastery
28%
3DS Pokémon Prism Tower
28%
Ultimate (DLC) Xenoblade Chronicles Cloud Sea of Alrest
27%
Ultimate (DLC) Dragon Quest Yggdrasil's Altar
27%
No matching quizzes found
Score Distribution
Percent of People with Each Score
Percentile by Number Answered
Your Score History
You have not taken this quiz since the last reset